[Event "Barcelona Sant Marti op-B 23rd"]
[Site "Barcelona"]
[Date "2023.07.15"]
[Round "3"]
[White "Perez Garcia, Jose Miguel"]
[Black "Corominas Garrido, Antonio"]
[Result "1-0"]
[WhiteElo "1899"]
[BlackElo "1721"]
[PlyCount "63"]
[EventDate "2023.07.13"]
[EventType "swiss"]
[EventRounds "9"]
[EventCountry "ESP"]
[SourceTitle "CBM 215 Extra"]
[Source "ChessBase"]
[SourceDate "2023.09.30"]
[SourceVersion "1"]
[SourceVersionDate "2023.09.30"]
[SourceQuality "1"]

1. d4 d5 2. c4 c6 3. Nf3 Nf6 4. Nc3 e6 5. e3 Nbd7 6. Bd3 Bd6 7. 0-0 0-0 8. e4 dxe4 9. Nxe4 Nxe4 10. Bxe4 Nf6 11. Bc2 b6 12. Bg5 Be7 13. Qd3 g6 14. Rfe1 Bb7 15. Qe2 Re8 16. Rad1 Qc7 17. Ne5 Bd8 18. Bb3 Nh5 19. Bh6 Bf6 20. Qe3 Rad8 21. Ng4 Rd7 22. Nxf6+ Nxf6 23. h3 Kh8 24. Bf4 Qd8 25. Be5 Kg8 26. g4 Rf8 27. Bf4 Ne8 28. Bg5 Qc7 29. c5 Qc8 30. Bh6 Ng7 31. Qe5 f6 32. Bxe6+ 1-0

[Event "Sant Adria de Besos op 2nd B"]
[Site "Sant Adria de Besos"]
[Date "2018.08.12"]
[Round "4.9"]
[White "Rocher Gonzalez, Vicence"]
[Black "Corominas Garrido, Antonio"]
[Result "1/2-1/2"]
[WhiteElo "1809"]
[BlackElo "1789"]
[PlyCount "133"]
[EventDate "2018.08.10"]
[EventType "swiss"]
[EventRounds "9"]
[EventCountry "ESP"]
[SourceTitle "EXT 2024"]
[Source "ChessBase"]
[SourceDate "2023.10.10"]
[SourceVersion "1"]
[SourceVersionDate "2023.10.10"]
[SourceQuality "1"]

1. c4 e5 2. g3 Bc5 3. Bg2 Nf6 4. Nc3 a6 5. d3 h6 6. Nf3 d6 7. 0-0 0-0 8. a3 Be6 9. b4 Ba7 10. Qc2 Nc6 11. Rb1 Rb8 12. a4 Qd7 13. b5 Ne7 14. e4 Ng4 15. Nd5 f5 16. h3 fxe4 17. dxe4 Nxf2 18. b6 Nxh3+ 19. Kh2 cxb6 20. Nxe7+ Qxe7 21. Bxh3 Rbc8 22. Bxe6+ Qxe6 23. Be3 Qxc4 24. Qb3 Kh8 25. Qxc4 Rxc4 26. Nd2 Rxf1 27. Rxf1 Rc3 28. Rf3 Kg8 29. a5 Rc2 30. Rf2 Rc3 31. axb6 Bb8 32. Rf3 Rd3 33. Kg2 d5 34. exd5 Rxd5 35. Ne4 Rd7 36. Bxh6 Rd4 37. Bxg7 Kxg7 38. Nc5 Rb4 39. Rb3 Rxb3 40. Nxb3 Bd6 41. Kf3 Kf6 42. Ke4 Ke6 43. g4 Bb4 44. g5 a5 45. g6 a4 46. Nc1 a3 47. g7 Kf7 48. g8Q+ Kxg8 49. Kxe5 Kf7 50. Kd5 Ke7 51. Kc4 Bd6 52. Kb5 Kd7 53. Na2 Ke6 54. Kc4 Ke5 55. Nc3 Be7 56. Kb3 Kd4 57. Nb5+ Kd5 58. Nxa3 Bxa3 59. Kxa3 Kc5 60. Ka4 Kxb6 61. Kb4 Kc6 62. Kc4 b5+ 63. Kb4 Kb6 64. Kb3 Kc5 65. Kc3 b4+ 66. Kb3 Kb5 67. Kb2 1/2-1/2

[Event "Barcelona Sant Marti op-B 20th"]
[Site "Barcelona"]
[Date "2018.07.21"]
[Round "9"]
[White "Rodriguez Batuecas, Jordi"]
[Black "Corominas Garrido, Antonio"]
[Result "0-1"]
[WhiteElo "1543"]
[BlackElo "1798"]
[PlyCount "104"]
[EventDate "2018.07.13"]
[EventType "swiss"]
[EventRounds "9"]
[EventCountry "ESP"]
[SourceTitle "EXT 2019"]
[Source "ChessBase"]
[SourceDate "2018.10.10"]
[SourceVersion "1"]
[SourceVersionDate "2018.10.10"]
[SourceQuality "1"]

1. e4 c6 2. d4 d5 3. exd5 cxd5 4. Bd3 Nf6 5. c3 Nc6 6. Bf4 e6 7. Nf3 Bd6 8. Bxd6 Qxd6 9. 0-0 0-0 10. Re1 b6 11. Nbd2 Bb7 12. Ne5 Nd7 13. Nxd7 Qxd7 14. Qh5 g6 15. Qh6 Rae8 16. a4 f6 17. Qh3 Qf7 18. Re2 e5 19. dxe5 fxe5 20. f3 Re7 21. Rae1 Qf6 22. Qg3 Rfe8 23. Bb5 a6 24. Bxc6 Bxc6 25. b3 e4 26. fxe4 dxe4 27. Qe3 Bb7 28. Rf1 Qe6 29. Ref2 b5 30. a5 Qd5 31. Re1 Qd8 32. b4 Rd7 33. Qf4 Rf8 34. Qxf8+ Qxf8 35. Rxf8+ Kxf8 36. Re2 Kf7 37. Kf2 Re7 38. Ke3 Kf6 39. c4 Ke5 40. cxb5 Rc7 41. Kf2 axb5 42. g3 Kd4 43. Nb3+ Kc3 44. Nc5 Kxb4 45. Nxb7 Rxb7 46. a6 Ra7 47. Rxe4+ Ka5 48. Re6 Rxa6 49. Rxa6+ Kxa6 50. Ke2 Kb6 51. Kd3 Kc5 52. h4 h5 0-1

[Event "Barcelona Sant Marti op-B 20th"]
[Site "Barcelona"]
[Date "2018.07.19"]
[Round "7"]
[White "Marzo Ruiz, Xavier"]
[Black "Corominas Garrido, Antonio"]
[Result "0-1"]
[WhiteElo "1417"]
[BlackElo "1798"]
[PlyCount "84"]
[EventDate "2018.07.13"]
[EventType "swiss"]
[EventRounds "9"]
[EventCountry "ESP"]
[SourceTitle "EXT 2019"]
[Source "ChessBase"]
[SourceDate "2018.10.10"]
[SourceVersion "1"]
[SourceVersionDate "2018.10.10"]
[SourceQuality "1"]

1. d4 Nf6 2. Bg5 Ne4 3. Bh4 d5 4. f3 Nd6 5. Nc3 c6 6. Qd2 Nc4 7. Qc1 Qa5 8. e3 Bf5 9. Bxc4 dxc4 10. e4 Bg6 11. Nge2 Nd7 12. 0-0 e6 13. e5 Be7 14. Bxe7 Kxe7 15. Ne4 Qb6 16. c3 Nxe5 17. Nf4 Nd3 18. Nxd3 cxd3 19. Qd2 Rhd8 20. Qxd3 e5 21. Kh1 exd4 22. Rfe1 Kf8 23. Qc4 dxc3 24. Qxc3 h6 25. Qa3+ Kg8 26. Re2 Bxe4 27. fxe4 Re8 28. Qf3 Re7 29. Rf1 Qc7 30. Qg4 Rae8 31. Rf3 Qd7 32. Qxd7 Rxd7 33. Rf1 Re5 34. Kg1 Rde7 35. Rd1 f5 36. Rd8+ Kh7 37. Ra8 a6 38. Rd2 Rxe4 39. Rdd8 Re2 40. Rh8+ Kg6 41. Rad8 Rxb2 42. Rd6+ Kf7 0-1

[Event "Barcelona Sant Marti op-B 20th"]
[Site "Barcelona"]
[Date "2018.07.17"]
[Round "5"]
[White "Corominas Garrido, Antonio"]
[Black "Jimenez Molina, Victor"]
[Result "0-1"]
[WhiteElo "1798"]
[BlackElo "1710"]
[PlyCount "96"]
[EventDate "2018.07.13"]
[EventType "swiss"]
[EventRounds "9"]
[EventCountry "ESP"]
[SourceTitle "EXT 2019"]
[Source "ChessBase"]
[SourceDate "2018.10.10"]
[SourceVersion "1"]
[SourceVersionDate "2018.10.10"]
[SourceQuality "1"]

1. c4 Nf6 2. Nc3 e5 3. g3 Bc5 4. Bg2 Nc6 5. d3 0-0 6. Nf3 d6 7. 0-0 a6 8. Bg5 h6 9. Bxf6 Qxf6 10. Ne4 Qe7 11. Nxc5 dxc5 12. Nd2 Nd4 13. e3 Ne6 14. Ne4 Rb8 15. Qc2 f5 16. Nc3 f4 17. exf4 exf4 18. Rfe1 f3 19. Bf1 Qg5 20. Nd5 c6 21. Nb6 Nd4 22. Qc1 Qh5 23. Nxc8 Rbxc8 24. Re4 Rce8 25. Qd2 Ne2+ 26. Bxe2 fxe2 27. g4 Rxe4 28. gxh5 Rg4+ 29. Kh1 Rxf2 30. Qe1 Rgg2 31. Qxf2 Rxf2 32. Kg1 e1Q+ 33. Rxe1 Rxb2 34. Re7 Rxa2 35. Rxb7 a5 36. Rc7 a4 37. Rxc6 a3 38. Ra6 Ra1+ 39. Kg2 a2 40. Kh3 Kf7 41. Kh4 Ke7 42. Kh3 Rd1 43. Rxa2 Rxd3+ 44. Kg2 Rc3 45. Ra4 Kf6 46. Ra6+ Kf5 47. Rg6 Rxc4 48. Rxg7 Rg4+ 0-1

[Event "Barcelona Sant Marti op-B 19th"]
[Site "Barcelona"]
[Date "2017.07.20"]
[Round "8"]
[White "Corominas Garrido, Antonio"]
[Black "Gonzalez Canovas, Sebastian"]
[Result "1-0"]
[WhiteElo "1803"]
[BlackElo "1657"]
[PlyCount "121"]
[EventDate "2017.07.13"]
[EventType "swiss"]
[EventRounds "9"]
[EventCountry "ESP"]
[SourceTitle "EXT 2018"]
[Source "ChessBase"]
[SourceDate "2017.10.13"]
[SourceVersion "1"]
[SourceVersionDate "2017.10.13"]
[SourceQuality "1"]

1. c4 e5 2. Nc3 Nc6 3. g3 Bb4 4. Bg2 Bxc3 5. bxc3 d6 6. d3 f5 7. Rb1 Nf6 8. Nf3 0-0 9. 0-0 Qe8 10. Ne1 b6 11. Nc2 Rb8 12. Nb4 Bb7 13. Bg5 Nxb4 14. cxb4 Bxg2 15. Kxg2 h6 16. Bxf6 Rxf6 17. b5 a6 18. bxa6 Ra8 19. Qb3 Qc6+ 20. f3 Rxa6 21. c5+ Kh8 22. cxd6 Qxd6 23. Qc4 Ra7 24. Rfc1 c5 25. Rc2 Qc6 26. Rb5 Rd6 27. Rcb2 Rb7 28. Qb3 e4 29. a4 exf3+ 30. exf3 Qd7 31. Rd2 Qe6 32. Qxe6 Rxe6 33. Rdb2 Rd7 34. Rxb6 Rxb6 35. Rxb6 Rxd3 36. Rc6 Rc3 37. a5 Kh7 38. a6 Ra3 39. Rxc5 Rxa6 40. Rxf5 Kg6 41. g4 h5 42. Rxh5 Ra2+ 43. Kg3 Ra1 44. h4 Ra3 45. Rf5 Ra4 46. h5+ Kh6 47. Rb5 Ra1 48. Rb6+ Kh7 49. f4 Rg1+ 50. Kh4 Rh1+ 51. Kg5 Ra1 52. f5 Ra5 53. h6 gxh6+ 54. Rxh6+ Kg7 55. Rb6 Ra4 56. Rb7+ Kg8 57. Kh5 Rf4 58. Kg5 Ra4 59. f6 Rc4 60. Kf5 Ra4 61. g5 1-0

[Event "Barcelona Vila Gracia Seniors 55 op 3rd"]
[Site "Barcelona"]
[Date "2016.04.11"]
[Round "4.6"]
[White "Corominas Garrido, Antonio"]
[Black "Vinals Rioja, Jaume"]
[Result "0-1"]
[WhiteElo "1812"]
[BlackElo "2010"]
[PlyCount "46"]
[EventDate "2016.03.07"]
[EventType "swiss"]
[EventRounds "8"]
[EventCountry "ESP"]
[SourceTitle "EXT 2024"]
[Source "ChessBase"]
[SourceDate "2023.10.10"]
[SourceVersion "1"]
[SourceVersionDate "2023.10.10"]
[SourceQuality "1"]

1. c4 e5 2. Nc3 Nc6 3. g3 Bc5 4. Bg2 d6 5. Nf3 f5 6. e3 e4 7. Ng1 Ne5 8. Bf1 Nf6 9. d4 exd3 10. Bxd3 Nxd3+ 11. Qxd3 0-0 12. Na4 Qe8 13. Nxc5 dxc5 14. Ne2 Be6 15. 0-0 Rd8 16. Qc2 Ne4 17. b3 Qc6 18. f3 Ng5 19. Kg2 f4 20. Ng1 fxg3 21. hxg3 Bf5 22. Qb2 Nxf3 23. Rxf3 Be4 0-1

[Event "Barcelona Sant Marti op-B 17th"]
[Site "Barcelona"]
[Date "2015.07.19"]
[Round "7"]
[White "Villa Cardenas, Jorge"]
[Black "Corominas Garrido, Antonio"]
[Result "0-1"]
[WhiteElo "1892"]
[BlackElo "2011"]
[PlyCount "60"]
[EventDate "2015.07.13"]
[EventType "swiss"]
[EventRounds "9"]
[EventCountry "ESP"]
[SourceTitle "EXT 2016"]
[Source "ChessBase"]
[SourceDate "2015.10.08"]
[SourceVersion "1"]
[SourceVersionDate "2015.10.08"]
[SourceQuality "1"]

1. e4 c6 2. d4 d5 3. exd5 cxd5 4. Nf3 Bg4 5. h3 Bh5 6. Be3 e6 7. Nbd2 Nc6 8. Bd3 Bd6 9. c3 Nge7 10. Qc2 Bg6 11. 0-0 Rc8 12. a3 0-0 13. Rac1 Qb6 14. Ng5 Nf5 15. b4 Ncxd4 16. Bxd4 Nxd4 17. Qb1 Ne2+ 18. Kh1 Nxc1 19. Bxg6 hxg6 20. Qxc1 Bf4 21. Ngf3 Qc7 22. g3 Bxd2 23. Qxd2 Qxc3 24. Qe2 Rc4 25. Ng5 Qf6 26. h4 Rfc8 27. Qe3 b6 28. Re1 Rc3 29. Qd2 Rc2 30. Qd3 Qxf2 0-1

[Event "Barcelona Sant Marti op-B 17th"]
[Site "Barcelona"]
[Date "2015.07.16"]
[Round "4"]
[White "Escofet Llongueras, Joan"]
[Black "Corominas Garrido, Antonio"]
[Result "1/2-1/2"]
[WhiteElo "1921"]
[BlackElo "2011"]
[PlyCount "50"]
[EventDate "2015.07.13"]
[EventType "swiss"]
[EventRounds "9"]
[EventCountry "ESP"]
[SourceTitle "EXT 2016"]
[Source "ChessBase"]
[SourceDate "2015.10.08"]
[SourceVersion "1"]
[SourceVersionDate "2015.10.08"]
[SourceQuality "1"]

1. c4 Nf6 2. Nc3 c5 3. g3 g6 4. Bg2 Bg7 5. e4 Nc6 6. Nge2 0-0 7. 0-0 d6 8. d4 cxd4 9. Nxd4 Nxd4 10. Qxd4 a6 11. h3 Rb8 12. Qd3 Bd7 13. Be3 Bc6 14. Rac1 Nd7 15. Rfd1 Qa5 16. b4 Qxb4 17. Nd5 Bxd5 18. cxd5 Qa5 19. Rc2 Rfc8 20. Rdc1 Rxc2 21. Qxc2 Qd8 22. Qc7 Nf8 23. Qxd8 Rxd8 24. Rc7 Rd7 25. Rc8 e6 1/2-1/2

[Event "Barcelona Sant Marti op-B 17th"]
[Site "Barcelona"]
[Date "2015.07.14"]
[Round "2"]
[White "Borja Casas, Jordi"]
[Black "Corominas Garrido, Antonio"]
[Result "0-1"]
[WhiteElo "1764"]
[BlackElo "2011"]
[PlyCount "64"]
[EventDate "2015.07.13"]
[EventType "swiss"]
[EventRounds "9"]
[EventCountry "ESP"]
[SourceTitle "EXT 2016"]
[Source "ChessBase"]
[SourceDate "2015.10.08"]
[SourceVersion "1"]
[SourceVersionDate "2015.10.08"]
[SourceQuality "1"]

1. e4 c6 2. d4 d5 3. e5 Bf5 4. Bd3 Bxd3 5. Qxd3 e6 6. Nf3 c5 7. c3 Qb6 8. a3 Nc6 9. b4 cxd4 10. Nxd4 Nxe5 11. Qe3 Nc4 12. Qe2 Nf6 13. 0-0 Be7 14. Bf4 0-0 15. Nd2 Rac8 16. a4 Nxd2 17. Qxd2 Ne4 18. Qe3 Rxc3 19. Qe1 Qxd4 20. Be3 Qc4 21. Bxa7 Bxb4 22. Be3 Bc5 23. Bf4 Rc2 24. Be3 Bxe3 25. Qxe3 Qc5 26. Qe1 Nd2 27. a5 Nxf1 28. Qxf1 Rc8 29. g3 Rc1 30. Rxc1 Qxc1 31. Qxc1 Rxc1+ 32. Kg2 Ra1 0-1

[Event "Barcelona Sant Marti op-B 16th"]
[Site "Barcelona"]
[Date "2014.07.16"]
[Round "4"]
[White "Riu Lopez, Sergio"]
[Black "Corominas Garrido, Antonio"]
[Result "1-0"]
[WhiteElo "1882"]
[BlackElo "2034"]
[PlyCount "67"]
[EventDate "2014.07.13"]
[EventType "swiss"]
[EventRounds "9"]
[EventCountry "ESP"]
[SourceTitle "CBM 161 Extra"]
[Source "ChessBase"]
[SourceDate "2014.08.29"]
[SourceVersion "1"]
[SourceVersionDate "2014.08.29"]
[SourceQuality "1"]

1. e4 c5 2. Nf3 Nc6 3. d4 cxd4 4. Nxd4 d6 5. Nc3 a6 6. Be3 Bd7 7. Bc4 e6 8. 0-0 Nf6 9. Bb3 Be7 10. h3 0-0 11. f4 Na5 12. Kh1 Nxb3 13. Nxb3 b5 14. a3 Bc6 15. e5 dxe5 16. fxe5 Ne4 17. Qg4 h5 18. Qf3 Nxc3 19. Qxc6 Nd5 20. Rfd1 Qb8 21. Rxd5 exd5 22. Qxd5 Qc8 23. Nd4 Rd8 24. Qf3 g6 25. Rf1 Rf8 26. Bh6 Qc5 27. Bxf8 Rxf8 28. Qf4 Qd5 29. c3 Bc5 30. Nf3 Re8 31. Ng5 Rxe5 32. Nxf7 Re2 33. Qb8+ Kg7 34. Qh8# 1-0

[Event "Barcelona Sant Marti op-B 15th"]
[Site "Barcelona"]
[Date "2013.07.19"]
[Round "7"]
[White "Serentill Tost, Eduard"]
[Black "Corominas Garrido, Antonio"]
[Result "1/2-1/2"]
[WhiteElo "1665"]
[BlackElo "1807"]
[PlyCount "83"]
[EventDate "2013.07.13"]
[EventType "swiss"]
[EventRounds "9"]
[EventCountry "ESP"]
[SourceTitle "CBM 155 Extra"]
[Source "ChessBase"]
[SourceDate "2013.08.26"]
[SourceVersion "1"]
[SourceVersionDate "2013.08.26"]
[SourceQuality "1"]

1. e4 c6 2. d4 d5 3. Nc3 dxe4 4. Nxe4 Bf5 5. Ng3 Bg6 6. Nf3 Nd7 7. h4 h6 8. h5 Bh7 9. Bd3 Bxd3 10. Qxd3 e6 11. Bd2 Ngf6 12. 0-0-0 Bd6 13. Ne4 Nxe4 14. Qxe4 Nf6 15. Qe2 Qc7 16. Ne5 0-0-0 17. c4 c5 18. Bf4 cxd4 19. Rxd4 Bxe5 20. Bxe5 Qa5 21. Rxd8+ Rxd8 22. Bxf6 gxf6 23. Rd1 Qg5+ 24. Qe3 Rxd1+ 25. Kxd1 Qxh5+ 26. Kc2 b6 27. b4 Qg6+ 28. Kc3 Qg5 29. Qf3 Qe5+ 30. Kb3 Kd7 31. Qb7+ Qc7 32. Qf3 Ke7 33. Qe3 h5 34. Qf3 Qd7 35. a4 e5 36. a5 f5 37. axb6 axb6 38. Qxh5 Ke6 39. Qh6+ f6 40. Qe3 Qd1+ 41. Kc3 Qd8 42. c5 1/2-1/2

[Event "Barcelona Sant Marti op-B 15th"]
[Site "Barcelona"]
[Date "2013.07.17"]
[Round "5"]
[White "Corominas Garrido, Antonio"]
[Black "Masferrer Niubo, Enric"]
[Result "0-1"]
[WhiteElo "1807"]
[BlackElo "1961"]
[PlyCount "60"]
[EventDate "2013.07.13"]
[EventType "swiss"]
[EventRounds "9"]
[EventCountry "ESP"]
[SourceTitle "CBM 155 Extra"]
[Source "ChessBase"]
[SourceDate "2013.08.26"]
[SourceVersion "1"]
[SourceVersionDate "2013.08.26"]
[SourceQuality "1"]

1. c4 Nf6 2. Nc3 g6 3. g3 Bg7 4. Bg2 e5 5. d3 d6 6. Nf3 0-0 7. 0-0 c6 8. Rb1 h6 9. b4 Be6 10. Nd2 Qd7 11. Re1 d5 12. cxd5 cxd5 13. Nb3 b6 14. a3 Nc6 15. b5 Ne7 16. d4 e4 17. Nd2 Rac8 18. Na2 Nh7 19. e3 Ng5 20. Bf1 Bg4 21. Be2 Bxe2 22. Qxe2 Rc2 23. Rb2 Nf3+ 24. Kg2 Rxb2 25. Bxb2 Nxe1+ 26. Qxe1 Qxb5 27. Bc1 Rc8 28. Qd1 Nf5 29. a4 Qd3 30. Nb4 Qxe3 0-1